<?xml version="1.0" encoding="UTF-8"?><?xml-stylesheet type="text/xsl" href="static/style.xsl"?><OAI-PMH xmlns="http://www.openarchives.org/OAI/2.0/" xmlns:xsi="http://www.w3.org/2001/XMLSchema-instance" xsi:schemaLocation="http://www.openarchives.org/OAI/2.0/ http://www.openarchives.org/OAI/2.0/OAI-PMH.xsd"><responseDate>2026-06-01T04:37:25Z</responseDate><request verb="GetRecord" identifier="oai:riuma.uma.es:10630/25642" metadataPrefix="marc">https://riuma.uma.es/rest/oai/request</request><GetRecord><record><header><identifier>oai:riuma.uma.es:10630/25642</identifier><datestamp>2026-02-03T10:24:00Z</datestamp><setSpec>com_10630_1685</setSpec><setSpec>col_10630_38055</setSpec></header><metadata><record xmlns="http://www.loc.gov/MARC21/slim" xmlns:dcterms="http://purl.org/dc/terms/" xmlns:doc="http://www.lyncode.com/xoai" xmlns:xsi="http://www.w3.org/2001/XMLSchema-instance" xsi:schemaLocation="http://www.loc.gov/MARC21/slim http://www.loc.gov/standards/marcxml/schema/MARC21slim.xsd">
   <leader>00925njm 22002777a 4500</leader>
   <datafield ind2=" " ind1=" " tag="042">
      <subfield code="a">dc</subfield>
   </datafield>
   <datafield ind2=" " ind1=" " tag="720">
      <subfield code="a">Sánchez Moreno, Víctor</subfield>
      <subfield code="e">author</subfield>
   </datafield>
   <datafield ind2=" " ind1=" " tag="260">
      <subfield code="c">2022</subfield>
   </datafield>
   <datafield ind2=" " ind1=" " tag="520">
      <subfield code="a">La literatura científica que aborda la relación entre el sueño y la conducta agresiva es escasa. Los trabajos publicados difieren en la metodología empleada, obteniéndose resultados distintos en función esta. En el presente Trabajo Fin de Grado se llevó a cabo una revisión sistemática de los estudios que analizan la relación entre el sueño ineficiente o insuficiente y el comportamiento agresivo, utilizando las bases de datos Scopus y PubMed. La selección final de artículos incluidos en esta revisión fue de 13 trabajos de un total de 87 artículos iniciales: 12 estudios que seguían una metodología correlacional y 1 estudio con metodología experimental. Dichos artículos emplearon en su mayoría medidas subjetivas del sueño y de la conducta agresiva, algunos de ellos utilizaron medidas objetivas, contabilizándose un total de 22852 individuos. Todos los artículos revisados, excepto el estudio experimental, hallaron que una mala calidad de sueño y/o un sueño insuficiente se asociaría significativamente con la conducta agresiva, encontrando, además, que ciertas variables, como el malestar psicológico, la ira o la hostilidad, entre otras, podrían mediar parcialmente dicha relación. Por su parte, el único estudio experimental obtuvo resultados opuestos, concluyendo que la privación parcial de sueño durante un día disminuiría la agresión reactiva. Estos resultados evidencian la necesidad de llevar a cabo investigaciones experimentales más completas en el futuro que evalúen los efectos de la restricción o reducción del sueño a corto y largo plazo en la conducta agresiva.</subfield>
   </datafield>
   <datafield ind1="8" ind2=" " tag="024">
      <subfield code="a">https://hdl.handle.net/10630/25642</subfield>
   </datafield>
   <datafield tag="653" ind2=" " ind1=" ">
      <subfield code="a">Sueño - Trastornos</subfield>
   </datafield>
   <datafield tag="653" ind2=" " ind1=" ">
      <subfield code="a">Agresividad (Psicología)</subfield>
   </datafield>
   <datafield tag="653" ind2=" " ind1=" ">
      <subfield code="a">Psicología - Trabajos fin de grado</subfield>
   </datafield>
   <datafield ind2="0" ind1="0" tag="245">
      <subfield code="a">Relación entre el Sueño Insuficiente o de Mala Calidad y la Conducta Agresiva en Población Sana: una Revisión Sistemática</subfield>
   </datafield>
</record>
</metadata></record></GetRecord></OAI-PMH>